header

A pinnacle of feeling (Record no. 164645)

MARC details
000 -LEADER
fixed length control field 01710nam a2200421 a 4500
082 04 - DEWEY DECIMAL CLASSIFICATION NUMBER
Classification number 810.9/35873
100 1# - MAIN ENTRY--AUTHOR NAME
Personal name McCann, Sean,
245 12 - TITLE STATEMENT
Title A pinnacle of feeling
260 ## - PUBLICATION, DISTRIBUTION, ETC. (IMPRINT)
Place of publication Princeton, N.J. :
Name of publisher Princeton University Press,
Year of publication c2008.
300 ## - PHYSICAL DESCRIPTION
Number of Pages xiv, 248 p.
490 1# - SERIES STATEMENT
Series statement 20/21
650 #0 - SUBJECT ADDED ENTRY--TOPICAL TERM
Topical Term American literature
Topical Term Politics and literature
Topical Term Executive power in literature.
Topical Term Presidents in literature.
Topical Term Executive power
Topical Term Authors, American
856 40 - ELECTRONIC LOCATION AND ACCESS
Uniform Resource Identifier http://site.ebrary.com/lib/rucke/Doc?id=10312526

No items available.

© 2026 Rongo University
Contact us: librarian | system librarian | Rongo university